| 000 | 00479cam a22002054a 4500 | ||
|---|---|---|---|
| 005 | 20250605164324.0 | ||
| 008 | 250528s ||||||||||||||||||||||||d | ||
| 035 | _a22975 | ||
| 020 | _a9780632040261 | ||
| 040 |
_aGR-AtMCL _bgre _dGR-AtMCL _eAACR2 |
||
| 245 | 1 | _aSTRATEGIC MANAGEMENT OF I.T. | |
| 250 | _a1 | ||
| 260 | _c1999 | ||
| 300 | _a406 | ||
| 700 | 1 |
_aBetts Alan _98574 |
|
| 700 | 1 |
_aBlackwell Science _98575 |
|
| 942 | _cBK | ||
| 999 |
_c8017 _d8017 |
||